| 000 | 00657nam a22002415i 4500 | ||
|---|---|---|---|
| 001 | 15702 | ||
| 003 | ES-MaACL | ||
| 005 | 20230906151131.0 | ||
| 007 | t| | ||
| 008 | 000504s1993 sp ||||0| spa j | ||
| 020 | _a84-7954-123-7 | ||
| 040 |
_aM-BN _bspa _cM-BN |
||
| 080 | _a860-31"19" | ||
| 100 | 1 |
_aRodríguez Chaves, José. _998420 |
|
| 245 | 1 | 3 |
_aLa llanura iluminada / _cJosé Rodríguez Chaves. |
| 250 | _a1ª ed. | ||
| 260 |
_aMadrid : _bLibertarias/Prodhufi, _c1993. |
||
| 300 |
_a282 p. ; _c21 cm. |
||
| 490 | 1 |
_aNarrativa ; _v44 |
|
| 830 | 0 |
_aNarrativa ; _v44 _9177839 |
|
| 852 |
_aES-MaACL _jL-22968 _bR.124451 |
||
| 999 |
_c15702 _d15702 |
||